Eurasian space (Record no. 1102527)

MARC details
000 -LEADER
fixed length control field 00859nam a2200301Ia 4500
003 - CONTROL NUMBER IDENTIFIER
control field OSt
005 - DATE AND TIME OF LATEST TRANSACTION
control field 20221006154119.0
008 - FIXED-LENGTH DATA ELEMENTS--GENERAL INFORMATION
fixed length control field 221006b |||||||| |||| 00| 0 eng d
020 ## - INTERNATIONAL STANDARD BOOK NUMBER
International Standard Book Number 9789812302557
020 ## - INTERNATIONAL STANDARD BOOK NUMBER
International Standard Book Number 9812302557
037 ## - SOURCE OF ACQUISITION
Terms of availability Textual
040 ## - CATALOGING SOURCE
Original cataloging agency EASL
Transcribing agency EASL
Language of cataloging eng
041 ## - LANGUAGE CODE
Source of code eng
Language code of text/sound track or separate title eng
100 ## - MAIN ENTRY--PERSONAL NAME
Personal name Der Velde Paul ven Ed.
9 (RLIN) 666654
245 #0 - TITLE STATEMENT
Title Eurasian space
Remainder of title Far more than two continents
260 ## - PUBLICATION, DISTRIBUTION, ETC.
Place of publication, distribution, etc. Netherland
Name of publisher, distributor, etc. IIAS
Date of publication, distribution, etc. 2004
300 ## - PHYSICAL DESCRIPTION
Extent 216p
Dimensions cm.
490 ## - SERIES STATEMENT
Volume/sequential designation Gen
650 ## - SUBJECT ADDED ENTRY--TOPICAL TERM
Topical term or geographic name entry element Gen
650 ## - SUBJECT ADDED ENTRY--TOPICAL TERM
Topical term or geographic name entry element Asia - Foreign relations - Economic
9 (RLIN) 666655
700 ## - ADDED ENTRY--PERSONAL NAME
Personal name Hwee Lay Yeo Ed.
9 (RLIN) 666656
942 ## - ADDED ENTRY ELEMENTS (KOHA)
Classification part V4:195,(X).P02, P4
Koha item type Textual
Source of classification or shelving scheme Colon Classification (CC)
Holdings
Withdrawn status Lost status Source of classification or shelving scheme Damaged status Not for loan Home library Current library Date acquired Serial Enumeration / chronology Total Checkouts Full call number Barcode Date last seen Price effective from Koha item type
    Colon Classification (CC)     Department of East Asian Studies Library Department of East Asian Studies Library 2022-10-06 Gen   V4:195,(X).P02 P4 EA1394527 2022-10-06 2022-10-06 Textual
Copyright @ Delhi University Library System